000 00601cam a2200145 4500500
005 20251012013150.0
041 _afre
042 _adc
100 1 0 _aSalles, Nathalie
_eauthor
245 0 0 _a44th congress of the Société française de gériatrie et gérontologie Paris, November 2024
260 _c2024.
500 _a68
786 0 _nGériatrie et Psychologie Neuropsychiatrie du Vieillissement | 22 | S1 | 2024-11-15 | p. 6-183 | 2115-8789
856 4 1 _uhttps://shs.cairn.info/journal-geriatrie-et-psychologie-neuropsychiatrie-du-vieillissement-2024-S1-page-6?lang=en&redirect-ssocas=7080
999 _c1528601
_d1528601